Drugs in Use (Record no. 5819)
[ view plain ]
| 000 -LEADER | |
|---|---|
| fixed length control field | 00554nam a22002177a 4500 |
| 003 - CONTROL NUMBER IDENTIFIER | |
| control field | OSt |
| 005 - DATE AND TIME OF LATEST TRANSACTION | |
| control field | 20170407145154.0 |
| 008 - FIXED-LENGTH DATA ELEMENTS--GENERAL INFORMATION | |
| fixed length control field | 170407b xxu||||| |||| 00| 0 eng d |
| 020 ## - INTERNATIONAL STANDARD BOOK NUMBER | |
| International Standard Book Number | 9780853697916 |
| 040 ## - CATALOGING SOURCE | |
| Transcribing agency | DMLN |
| 082 ## - DEWEY DECIMAL CLASSIFICATION NUMBER | |
| Classification number | QV704 D84d 2010 |
| 100 ## - MAIN ENTRY--PERSONAL NAME | |
| Personal name | Ediited by Dodds, Linda J. |
| 9 (RLIN) | 12083 |
| 245 ## - TITLE STATEMENT | |
| Title | Drugs in Use |
| 250 ## - EDITION STATEMENT | |
| Edition statement | 4th ed. |
| 260 ## - PUBLICATION, DISTRIBUTION, ETC. (IMPRINT) | |
| Place of publication, distribution, etc. | London; Pharmaceutical press, 2010 |
| 300 ## - PHYSICAL DESCRIPTION | |
| Extent | xxii,666p;ill: 23cm |
| 504 ## - BIBLIOGRAPHY, ETC. NOTE | |
| Bibliography, etc | References, & index included |
| 650 ## - SUBJECT ADDED ENTRY--TOPICAL TERM | |
| Topical term or geographic name as entry element | Drugs |
| 9 (RLIN) | 1642 |
| 650 ## - SUBJECT ADDED ENTRY--TOPICAL TERM | |
| Topical term or geographic name as entry element | Pharmacy |
| 9 (RLIN) | 12084 |
| 942 ## - ADDED ENTRY ELEMENTS (KOHA) | |
| Source of classification or shelving scheme | Other/Generic Classification Scheme |
| Koha item type | Short Loan |
| Withdrawn status | Lost status | Source of classification or shelving scheme | Damaged status | Not for loan | Home library | Current library | Date acquired | Source of acquisition | Inventory number | Total Checkouts | Full call number | Barcode | Date last seen | Koha item type |
|---|---|---|---|---|---|---|---|---|---|---|---|---|---|---|
| Other/Generic Classification Scheme | Pharmacy Department Library | Pharmacy Department Library | 07/04/2017 | 11/00182 | QV704 D84d 2010 | 2017-0767 | 07/04/2017 | Short Loan | ||||||
| Other/Generic Classification Scheme | Pharmacy Department Library | Pharmacy Department Library | 07/04/2017 | 11/00183 | QV704 D84d 2010 | 2017-0768 | 07/04/2017 | Short Loan | ||||||
| Other/Generic Classification Scheme | Pharmacy Department Library | Pharmacy Department Library | 07/04/2017 | 11/00184 | QV704 D84d 2010 | 2017-0769 | 07/04/2017 | Short Loan |
